000 00576nam a22002057a 4500
003 OSt
005 20210426112136.0
008 210204s1974 ||||| |||| 00| 0 eng d
020 _a670731307
040 _aeng
_beng
_cDLC
041 _aeng
080 _a821.111
_bS-86
100 _9253
_aStout, Rex
245 _aTriple Zeck
_b: A Nero Wolfe Omnibus
_c/ by: The Viking Press
260 _aNew York
_bThe Viking Press
_c1974
300 _a501 p.
650 0 _9254
_aEnglish literature
653 _aინგლისური ლიტერატურა
942 _2udc
_cBK
999 _c1215
_d1215